Differential equations : A modeling approach

Salvato in:
Dettagli Bibliografici
Autore principale: Ledder, Glenn
Natura: Libro
Lingua:Undetermined
Pubblicazione: New York McGraw-Hill 2005
Soggetti:
Tags: Aggiungi Tag
Nessun Tag, puoi essere il primo ad aggiungerne! !
Thư viện lưu trữ: Trung tâm Học liệu Trường Đại học Cần Thơ
LEADER 00551nam a2200205Ia 4500
001 CTU_88482
008 210402s9999 xx 000 0 und d
020 |c 24.65 
082 |a 515.35 
082 |b L472 
100 |a Ledder, Glenn 
245 0 |a Differential equations : 
245 2 |b A modeling approach 
245 0 |c Glenn Ledder 
260 |a New York 
260 |b McGraw-Hill 
260 |c 2005 
650 |a Differential equations,Mathematical models 
904 |i Tuyến,Hải 
980 |a Trung tâm Học liệu Trường Đại học Cần Thơ